Aceptacion social y conciencia de hablantes montevideanos ante -s- en la segunda persona singular /
Guardado en:
| Autor Principal: | |
|---|---|
| Otros Autores: | |
| Formato: | Libro |
| Publicado: |
Montevideo :
Facultad De Humanidades Y Ciencias,
1979
|
| Series: | Sep.de Revista, Ser.ling.,1-2
|
| Materias: | |
| Etiquetas: |
Agregar Etiqueta
Sin Etiquetas, Sea el primero en etiquetar este registro!
|
| LEADER | 00640nam a22001815a 4500 | ||
|---|---|---|---|
| 001 | EHU.bham005455 | ||
| 003 | AR-BHAM | ||
| 005 | 20081016112815.0 | ||
| 008 | 130507s1979##################000#0#####d | ||
| 082 | 4 | 6 | |a 467 |
| 100 | 1 | |a Elizaincin, Adolfo | |
| 245 | 1 | 0 | |a Aceptacion social y conciencia de hablantes montevideanos ante -s- en la segunda persona singular / |c Adolfo Elizaincin , Olga Diaz , |
| 260 | |a Montevideo : |b Facultad De Humanidades Y Ciencias, |c 1979 | ||
| 300 | |a 15 p. | ||
| 490 | 0 | |a Sep.de Revista, Ser.ling.,1-2 | |
| 653 | |a Castellano-dialectos | ||
| 700 | 1 | |a Diaz, Olga | |
| 859 | |a AR-BHAM |b BIB. HUMANIDADES - General |h 467 |i EL48 |p 367.81 |t Ej.1 | ||
